| 000 | 00438cam a22001217a 4500 | ||
|---|---|---|---|
| 008 | 180718bn.d. xxu||||| |||| 00| 0 eng d | ||
| 082 | _aA81x54 In2/71/1/Pap1/1974 | ||
| 100 | _aCensus of India 1971 | ||
| 245 | _aIndia: report on survey on economic questions - some results | ||
| 260 |
_aDelhi _bThe Manager of Publications _cn.d. |
||
| 300 | _a78p. | ||
| 440 | _aCensus of India 1971. Series-1, India. Miscellaneous Studies (Paper 1 of 1974) | ||
| 999 |
_c484814 _d484814 |
||